书目信息 |
| 题名: |
新莎士比亚全集
|
|
| 作者: | 莎士比亚 著 ;方平 , 张冲 译 | |
| 分册: | 第十一卷 传奇剧 | |
| 出版信息: | 石家庄 河北教育出版社 2000.1 |
|
| 页数: | 685页 | |
| 开本: | 20cm | |
| 丛书名: | ||
| 单 册: | ||
| 中图分类: | I561.1 | |
| 科图分类: | ||
| 主题词: | 戏剧文学--剧本--英国--近代 | |
| 电子资源: | ||
| ISBN: | 7-5434-3678-7 | |
| 000 | 00846nam0 2200253 45 | |
| 001 | 0203250972 | |
| 005 | 20031219104053.8 | |
| 010 | @a7-5434-3678-7@b精装@dCNY580.00 | |
| 100 | @a20020325d2000 km y0chiy0120 ea | |
| 101 | 0 | @achi@ceng |
| 105 | @ac z 000yy | |
| 200 | 1 | @a新莎士比亚全集@e十二卷版@EShi Er Juan Ban@h第十一卷@i传奇剧@AXin ShaShiBi Ya Quan Ji@f(英)莎士比亚著@F(Ying)Sha Shi Bi Ya Zhu@g方平,张冲译 |
| 210 | @a石家庄@c河北教育出版社@d2000.1 | |
| 215 | @a685页@c照片@d20cm | |
| 517 | @a传奇剧@AChuan Qi Ju | |
| 517 | @a十二卷版@AShi Er Juan Ban | |
| 600 | 0 | @a莎士比亚@f1564—1616@x全集 |
| 606 | 0 | @a戏剧文学@x剧本@y英国@z近代 |
| 690 | @aI561.1@v4 | |
| 701 | 0 | @a莎士比亚@4著 |
| 702 | 0 | @a方平@AFang Ping@4译 |
| 702 | 0 | @a张冲@AZhang Chong@4译 |
| 801 | @aCN@bTSTC@c20020325 | |
| 905 | @b307053-062@dI561.1@e125:11-3@f10 | |
| 新莎士比亚全集:十二卷版.第十一卷.传奇剧/(英)莎士比亚著/方平,张冲译.-石家庄:河北教育出版社,2000.1 |
| 685页:照片;20cm |
| ISBN 7-5434-3678-7(精装):CNY580.00 |
| ● |
| 相关链接 |
|
|
|
|
正题名:新莎士比亚全集
索取号:I561.1/125:11-3
 
预约/预借
| 序号 | 登录号 | 条形码 | 馆藏地/架位号 | 状态 | 备注 |
| 1 | 0307053 | 203070531 | 第二借阅区/ [索取号:I561.1/125:11-3] | 在馆 | |
| 2 | 0307054 | 203070540 | 第二借阅区/ [索取号:I561.1/125:11-3] | 在馆 | |
| 3 | 0307055 | 203070559 | 第二借阅区/ [索取号:I561.1/125:11-3] | 在馆 | |
| 4 | 0307056 | 203070568 | 第二借阅区/ [索取号:I561.1/125:11-3] | 在馆 | |
| 5 | 0307057 | 203070577 | 第二借阅区/ [索取号:I561.1/125:11-3] | 在馆 | |
| 6 | 0307058 | 203070586 | 第二借阅区/ [索取号:I561.1/125:11-3] | 在馆 | |
| 7 | 0307059 | 203070595 | 第二借阅区/ [索取号:I561.1/125:11-3] | 在馆 | |
| 8 | 0307060 | 203070602 | 第二借阅区/ [索取号:I561.1/125:11-3] | 在馆 | |
| 9 | 0307061 | 203070611 | 第二借阅区/ [索取号:I561.1/125:11-3] | 在馆 | |
| 10 | 0307062 | 203070620 | 第一样本阅览室/ [索取号:I561.1/125:11-3] | 在馆 |